Marketing financial services

The challenges of marketing financial services, The consumer decision process in financial services, Categories of financial products and services,...

Na minha lista:
Detalhes bibliográficos
Autor principal: Estelami, Hooman
Formato: Livro
Idioma:Undetermined
Publicado em: Indianapolis, IN Dog Ear Pub. 2012
Assuntos:
Tags: Adicionar Tag
Sem tags, seja o primeiro a adicionar uma tag!
Thư viện lưu trữ: Trung tâm Học liệu Trường Đại học Cần Thơ
LEADER 00792nam a2200229Ia 4500
001 CTU_186963
008 210402s9999 xx 000 0 und d
020 |c 1539000 
082 |a 332.10688 
082 |b E79 
100 |a Estelami, Hooman 
245 0 |a Marketing financial services 
245 0 |c Hooman Estelami 
260 |a Indianapolis, IN 
260 |b Dog Ear Pub. 
260 |c 2012 
520 |a The challenges of marketing financial services, The consumer decision process in financial services, Categories of financial products and services,... 
526 |a Marketing dịch vụ tài chính 
526 |b KT647 
650 |a Financial services industry,Kinh doanh dịch vụ tài chính 
910 |a Hải 
980 |a Trung tâm Học liệu Trường Đại học Cần Thơ